| 000 | 00863nam a2200265Ia 4500 | ||
|---|---|---|---|
| 999 |
_c43786 _d43786 |
||
| 001 | 10531 | ||
| 003 | GE_BSU | ||
| 005 | 20211021113841.0 | ||
| 008 | 181216s||||||||xx |||||||||||||| ||und|| | ||
| 020 | _a9789941149504 | ||
| 040 | _cGE_BSU | ||
| 080 | _a531(075.8) | ||
| 100 |
_aკვიციანი,ტ. _912700 |
||
| 245 | _aთეორიული მექანიკის კურსი. | ||
| 245 | _bსახელძღვანელო. | ||
| 245 | _cრედ. მ.აბაზაძე. | ||
| 260 | _aთბ. | ||
| 260 | _bტექნიკური უნივერსიტეტი. | ||
| 260 | _c2011. | ||
| 300 | _a215გვ.; 20სმ. | ||
| 300 | _eნახ.; დიაგრამები. | ||
| 541 | _h18ლ. | ||
| 653 | _aთეორიული მექანიკის კურსი. | ||
| 942 |
_cBK _2udc |
||